|
000
|
00916nam0 22002651 450
|
|
001
|
0131101658
|
|
005
|
20170531101658.0
|
|
010
|
|
@a978-7-109-20167-5@dCNY48.00
|
|
100
|
|
@a20150602d2015 em y0chiy0121 ea
|
|
101
|
0
|
@achi
|
|
102
|
|
@aCN@b110000
|
|
105
|
|
@aak a 000yy
|
|
106
|
|
@ar
|
|
200
|
1
|
@a惠及世界的一片神奇树叶@Ahui ji shi jie de yi pian shen qi shu ye@e茶文化通史@f姚国坤编著
|
|
210
|
|
@a北京@c中国农业出版社@d2015.01
|
|
215
|
|
@a292页@c图@d26cm
|
|
320
|
|
@a有书目 (第288-289页)
|
|
330
|
|
@a本书以历史的视角翔实而丰富的资料对茶文化进行纵的断代剖析。主要内容包括: 茶的根在中国、茶文化的形成与发展历程、茶的称谓与传播方式等。
|
|
517
|
1
|
@a茶文化通史@Acha wen hua tong shi
|
|
606
|
0
|
@a茶叶@Acha ye@x文化@y世界
|
|
690
|
|
@aTS971.21@v5
|
|
692
|
|
@aTS97@v5
|
|
701
|
0
|
@a姚国坤@Ayao guo kun@4编著
|
|
801
|
0
|
@aCN@b人天书店@c20150602
|
|
905
|
|
@aCKNYKJZYXY@b300526737-9@dTS97@e727@f3
|
|
|
|
|
| |
| 惠及世界的一片神奇树叶:茶文化通史/姚国坤编著.-北京:中国农业出版社,2015.01 |
| 292页:图;26cm |
| |
| |
| ISBN 978-7-109-20167-5:CNY48.00 |
| 本书以历史的视角翔实而丰富的资料对茶文化进行纵的断代剖析。主要内容包括: 茶的根在中国、茶文化的形成与发展历程、茶的称谓与传播方式等。 |
| ● |
正题名:惠及世界的一片神奇树叶
索取号:TS97/727
 
预约/预借
| 序号
|
登录号
|
条形码
|
馆藏地/架位号
|
状态
|
备注
|
|
1
|
526737
|
300526737
|
海科密-1楼/53架10列3层/
[索取号:TS97/727]
|
在馆
|
|
|
2
|
526738
|
300526738
|
柳城-4楼/67架5列4层/
[索取号:TS97/727]
|
在馆
|
|
|
3
|
526739
|
300526739
|
柳城-4楼/67架5列4层/
[索取号:TS97/727]
|
在馆
|
|